000 00626nam a2200277Ia 4500
005 20260324144049.0
008 008 260324s9999 xx 000 0 eng d
020 _a9781315804736
037 _aEBOOK
040 _aCRL
040 _beng
040 _cCRL
041 _2eng
041 _aeng
084 _qCRL
100 _aPaul Gilbert
_9145926
245 0 _aHuman Nature And Suffering
260 _bTaylor and Francis
260 _c1989
365 _a
365 _b210
856 _uhttp://www.taylorfrancis.com/books/9781315804736
942 _cEBOOK
999 _c1824106
_d1824106